Statistics for Random Capital By Bordering Capitals

Click here to take the quiz!

General Stats

  • This quiz has been taken 30 times
  • The average score is 15 of 20

Answer Stats

Bordering Capital(s)Capital% Correct
Kinshasa, Libreville, Luanda, Yaounde, BanguiBrazzaville
100%
Juba, Cairo, Addis Ababa, Asmara, Tripoli, N'djamena, BanguiKhartoum
100%
DublinLondon
100%
Brussels, Berlin, ParisLuxembourg
100%
Cape Town/Pretoria/BloemfonteinMaseru
100%
Brasilia, Buenos AiresMontevideo
100%
Santo DomingoPort-au-prince
100%
Lome, Abuja, Ouagadougou, NiameyPorto Novo
100%
Berlin, Warsaw, Vienna, BratislavaPrague
100%
Belgrade, Tirana, Skopje, PodgoricaPristina
100%
Beijing, Seoul, MoscowPyongyang
100%
Tallinn, Moscow, Vilnius, MinskRiga
100%
Pristina, Tirana, Belgrade, Sarajevo, ZagrebPodgorica
50%
Riyadh, MuscatAbu Dhabi
0%
Niamey, Porto-Novo, Yaounde, N'djamenaAbuja
0%
Lome, Yamoussoukro, OuagadougouAccra
0%
Asmara, Djibouti, Mogadishu, Nairobi, Khartoum, JubaAddis Ababa
0%
Rabat, Tunis, Tripoli, Bamako, Nouakchott, NiameyAlgiers
0%
Jerusalem, Riyadh, Damascus, BaghdadAmman
0%
Brussels, BerlinAmsterdam
0%
Paris, MadridAndorra La Vella
0%
Sofia, Athens, Damascus, Tbilisi, Yerevan, Baghdad, TehranAnkara
0%
Tehran, Tashkent, Kabul, Nur-SultanAshgabat
0%
Khartoum, Addis Ababa, DjiboutiAsmara
0%
La Paz/Sucre, Brasilia, Buenos AiresAsuncion
0%
Tirana, Sofia, AnkaraAthens
0%
Tehran, Kuwait City, Ankara, Damascus, Riyadh, AmmanBaghdad
0%
Tbilisi, Yerevan, Tehran, Moscow, AnkaraBaku
0%
Nouakchott, Algiers, Niamey, Dakar, Conakry, Ouagadougou, YamoussoukroBamako
0%
Kuala LumpurBandar Seri Begawan
0%
Naypyidaw, Phnom Penh, Vientiane, Kuala LumpurBangkok
0%
N'djamena, Khartoum, Juba, Kinshasa, Yaounde, BrazzavilleBangui
0%
DakarBanjul
0%
Moscow, Nur-Sultan, Bishkek, Dushanbe, Islamabad, New Delhi, Kabul, Kathmandu, Vientiane, Ulaanbaatar, Hanoi, Pyongyang, Thimphu, NaypyidawBeijing
0%
Jerusalem, DamascusBeirut
0%
Zagreb, Sarajevo, Budapest, Bucharest, Sofia, Podgorica, Pristina, SkopjeBelgrade
0%
Mexico City, Guatemala CityBelmopan
0%
Amsterdam, Brussels, Luxembourg, Paris, Bern, Vienna, Prague, CopenhagenBerlin
0%
Vaduz, Rome, Vienna, Berlin, ParisBern
0%
Nur-Sultan, Beijing, Dushanbe, TashkentBishkek
0%
Conakry, DakarBissau
0%
Panama City, Caracas, Quito, Lima, BrasiliaBogota
0%
Montevideo, Buenos Aires, Asuncion, La Paz/Sucre, Lima, Bogota, Caracas, Georgetown, Paramaribo, ParisBrasilia
0%
Budapest, Prague, Warsaw, Vienna, KievBratislava
0%
Amsterdam, Luxembourg, Paris, BerlinBrussels
0%
Kiev, Chisinau, Sofia, Belgrade, BudapestBucharest
0%
Bratislava, Belgrade, Bucharest, Ljubljana, Zagreb, Vienna, KievBudapest
0%
Brasilia, Montevideo, Santiago, La paz/Sucre, AsuncionBuenos Aires
0%
Jerusalem, Tripoli, KhartoumCairo
0%
Maseru, Mbabane, Maputo, Harare, Gaborone, WindhoekCape Town | Pretoria | Bloemfontein
0%
Bogota, Georgetown, BrasiliaCaracas
0%
Bucharest, KievChisinau
0%
Bissau, Freetown, Monrovia, Yamoussoukro, Dakar, BamakoConakry
0%
BerlinCopenhagen
0%
Banjul, Nouakchott, Bissau, Conakry, BamakoDakar
0%
Amman, Baghdad, Ankara, Beirut, JerusalemDamascus
0%
New Delhi, NaypyidawDhaka
0%
Maputo, Nairobi, Lilongwe, Lusaka, Kigali, Gitega, KampalaDodoma
0%
RiyadhDoha
0%
LondonDublin
0%
Bishkek, Tashkent, Kabul, BeijingDushanbe
0%
Monrovia, ConakryFreetown
0%
Cape Town/Pretoria/Bloemfontein, Windhoek, Harare, LusakaGaborone
0%
Paramaribo, Brasilia, CaracasGeorgetown
0%
Kinshasa, Kigali, DodomaGitega
0%
Mexico City, Belmopan, San Salvador, TegucigalpaGuatemala City
0%
Beijing, Vientiane, Phnom PenhHanoi
0%
Cape Town/Pretoria/Bloemfontein, Lusaka, Gaborone, MaputoHarare
0%
Stockholm, Moscow, OsloHelsinki
0%
Kabul, New Delhi, Tehran, BeijingIslamabad
0%
Dili, Port Moresby, Kuala LumpurJakarta
0%
Cairo, Beirut, Riyadh, Amman, DamascusJerusalem
0%
Khartoum, Addis Ababa, Bangui, Kinshasa, Kampala, NairobiJuba
0%
Islamabad, Dushanbe, Ashgabat, Beijing, Tehran, TashkentKabul
0%
Nairobi, Kigali, Kinshasa, Juba, DodomaKampala
0%
Beijing, New DelhiKathmandu | Thimphu
0%
Moscow, Chisinau, Bucharest, Minsk, Warsaw, Bratislava, BudapestKiev
0%
Gitega, Kampala, KinshasaKigali
0%
Lusaka, Juba, Kigali, Kampala, Brazzaville, Luanda, Bangui, Gitega, DodomaKinshasa
0%
Jakarta, Bangkok, Bandar Seri BegawanKuala Lumpur
0%
Baghdad, RiyadhKuwait City
0%
Brasilia, Asuncion, Buenos Aires, Santiago, LimaLa Paz | Sucre
0%
Malabo, Brazzaville, N'djamenaLibreville
0%
Lusaka, Maputo, DodomaLilongwe
0%
Quito, Bogota, Brasilia, Santiago, La Paz/SucreLima
0%
MadridLisbon
0%
Rome, Vienna, Zagreb, BudapestLjubljana
0%
Porto-Novo, Accra, OuagadougouLome
0%
Kinshasa, Lusaka, Windhoek, BrazzavilleLuanda
0%
Windhoek, Harare, Luanda, Kinshasa, Lilongwe, Dodoma, MaputoLusaka
0%
Andorra La Vella, Lisbon, Rabat, ParisMadrid
0%
Libreville, YaoundeMalabo
0%
Tegucigalpa, San JoseManagua
0%
Cape Town/Pretoria/Bloemfontein, Mbabane, Harare, Lusaka, Lilongwe, DodomaMaputo
0%
Cape Town/Pretoria/Bloemfontein, MaputoMbabane
0%
Washington DC, Guatemala City, BelmopanMexico City
0%
Moscow, Warsaw, Vilnius, Riga, KievMinsk
0%
Addis Ababa, Djibouti, NairobiMogadishu
0%
ParisMonaco
0%
Freetown, Conakry, YamoussoukroMonrovia
0%
Oslo, Helsinki, Tallinn, Riga, Vilnius, Warsaw, Minsk, Nur-Sultan, Beijing, Ulaanbaatar, Baku, Tbilisi, Pyongyang, KievMoscow
0%
Sana'a, Riyadh, Abu DhabiMuscat
0%
Kampala, Dodoma, Mogadishu, Addis Ababa, JubaNairobi
0%
Dhaka, New Delhi, Beijing, Vientiane, BangkokNaypyidaw
0%
Bangui, Abuja, Niamey, Yaounde, Tripoli, KhartoumN'djamena
0%
Dhaka, Kathmandu, Thimphu, Beijing, Islamabad, NaypyidawNew Delhi
0%
Abuja, N'djamena, Tripoli, Algiers, Bamako, Ouagadougou, Porto-NovoNiamey
0%
Bamako, Rabat, Algiers, DakarNouakchott
0%
Moscow, Beijing, Bishkek, Tashkent, AshgabatNur-Sultan
0%
Stockholm, Helsinki, MoscowOslo
0%
Washington DCOttawa
0%
San Jose, BogotaPanama City
0%
Brasilia, Paris, GeorgetownParamaribo
0%
Monaco, Andorra La Vella, Madrid, Brussels, Brasilia, Luxembourg, Berlin, Bern, ParamariboParis
0%
Hanoi, Vientiane, BangkokPhnom Penh
0%
JakartaPort Moresby | Dili
0%
Bogota, LimaQuito
0%
Algiers, Nouakchott, MadridRabat
0%
Sana'a, Muscat, Abu Dhabi, Doha, Jerusalem, Amman, Kuwait City, BaghdadRiyadh
0%
Vatican City, San Marino, Bern, Vienna, Ljubljana, ParisRome
0%
Riyadh, MuscatSana'a
0%
Panama City, ManaguaSan Jose
0%
Tegucigalpa, Guatemala CitySan Salvador
0%
Buenos Aires, Lima, La Paz/SucreSantiago
0%
Port-au-princeSanto Domingo
0%
Belgrade, Zagreb, PodgoricaSarajevo
0%
PyongyangSeoul
0%
Pristina, Sofia, Tirana, Athens, BelgradeSkopje
0%
Bucharest, Ankara, Athens, Skopje, BelgradeSofia
0%
Oslo, HelsinkiStockholm
0%
Moscow, RigaTallinn
0%
Nur-Sultan, Ashgabat, Bishkek, DushanbeTashkent
0%
Baku, Yerevan, Ankara, MoscowTbilisi
0%
Guatemala City, San Salvador, ManaguaTegucigalpa
0%
Baghdad, Islamabad, Kabul, Ashgabat, Baku, Yerevan, AnkaraTehran
0%
Athens, Podgorica, Pristina, SkopjeTirana
0%
Cairo, Algiers, Tunis, N'djamena, Niamey, KhartoumTripoli
0%
Algiers, TripoliTunis
0%
Beijing, MoscowUlaanbaatar
0%
Bern, ViennaVaduz
0%
ItalyVatican City | San Marino
0%
Berlin, Vaduz, Bern, Rome, Ljubljana, Bratislava, Budapest, PragueVienna
0%
Hanoi, Beijing, Bangkok, Phnom Penh, NaypyidawVientiane
0%
Moscow, Riga, Minsk, WarsawVilnius
0%
Minsk, Vilnius, Moscow, Berlin, Kiev, Bratislava, PragueWarsaw
0%
Cape Town/Pretoria/Bloemfontein, Gaborone, Lusaka, LuandaWindhoek
0%
Monrovia, Accra, Bamako, Conakry, OuagadougouYamoussoukro
0%
Bangui, Abuja, Brazzaville, Libreville, Malabo, N'djamenaYaounde
0%
Tbilisi, Baku, Ankara, TehranYerevan
0%
Ljubljana, Sarajevo, Belgrade, Budapest, PodgoricaZagreb
0%

Score Distribution

Percentile by Number Answered

Percent of People with Each Score

Your Score History

You have not taken this quiz